000 04571nam a22005175i 4500
001 978-3-319-47709-1
003 DE-He213
005 20210118134039.0
007 cr nn 008mamaa
008 170127s2017 gw | s |||| 0|eng d
020 _a9783319477091
_9978-3-319-47709-1
024 7 _a10.1007/978-3-319-47709-1
_2doi
050 4 _aRD701-811
072 7 _aMNS
_2bicssc
072 7 _aMED065000
_2bisacsh
072 7 _aMNS
_2thema
082 0 4 _a616.7
_223
245 1 0 _aAdult Lumbar Scoliosis
_h[electronic resource] :
_bA Clinical Guide to Diagnosis and Management /
_cedited by Eric O. Klineberg.
250 _a1st ed. 2017.
264 1 _aCham :
_bSpringer International Publishing :
_bImprint: Springer,
_c2017.
300 _aXIV, 295 p. 82 illus., 28 illus. in color.
_bonline resource.
336 _atext
_btxt
_2rdacontent
337 _acomputer
_bc
_2rdamedia
338 _aonline resource
_bcr
_2rdacarrier
347 _atext file
_bPDF
_2rda
505 0 _aDefining Adult Lumbar Scoliosis -- Imaging Adult Lumbar Scoliosis -- Radiographic Parameters for Adult Lumbar Scoliosis -- Patient Reported Outcome Measures Available for Adult Lumbar Scoliosis -- Impact of Depression on the Treatment of Adult Lumbar Scoliosis -- Pre-Operative Clinical Evaluation of Adult Lumbar Scoliosis -- Non-Operative Management of Adult Lumbar Scoliosis -- Surgical Alignment Goals for Adult Lumbar Scoliosis -- Intra-Operative Management of Adult Lumbar Scoliosis -- Biologics for Adult Lumbar Scoliosis -- Assessing the Need for Decompression for Adult Lumbar Scoliosis -- Minimally Invasive Techniques for Adult Lumbar Scoliosis -- Anterior Column Release for Adult Lumbar Scoliosis -- Anterior Column Support Options for Adult Lumbar Scoliosis -- Releases and Osteotomies Used for the Correction of Adult Lumbar Scoliosis -- Distal Fixation for Adult Lumbar Scoliosis: Indications and Techniques -- Diagnosis and Classification of Proximal Junctional Kyphosis and Proximal Junctional Failure -- Prevention Strategies for Proximal Junctional Kyphosis -- Complications Following Surgical Intervention for Adult Lumbar Scoliosis -- Peri-Operative Patient Management of Adult Lumbar Scoliosis -- Patient Reported Outcomes Following the Treatment of Adult Lumbar Scoliosis -- Health Economic Value of the Treatment for Adult Lumbar Scoliosis -- Future Directions for Adult Lumbar Scoliosis.
520 _aProviding a sound definition and review of the pertinent treatment goals for the management of adult lumbar scoliosis, this practical and comprehensive guide covers everything from pre-operative evaluation and radiography to post-operative management and complications. Both non-operative and operative strategies are presented, including minimally invasive techniques, decompression, anterior release, spinal osteotomy, biologics, and proximal and distal fixation, with an emphasis on clinical guidelines and management outcomes. The impact and prevention of complications following treatment are also discussed, including the prevention of proximal junctional kyphosis. Concluding with an examination of future directions for research and clinical treatment strategies, the comprehensive approach of this book provides the orthopedic surgeon, neurosurgeon and spinal practitioner with the most current evidence and expert thought about the evaluation and management of adult lumbar scoliosis.
650 0 _aOrthopedics.
650 1 4 _aOrthopedics.
_0http://scigraph.springernature.com/things/product-market-codes/H45000
700 1 _aKlineberg, Eric O.
_eeditor.
_4edt
_4http://id.loc.gov/vocabulary/relators/edt
710 2 _aSpringerLink (Online service)
773 0 _tSpringer eBooks
776 0 8 _iPrinted edition:
_z9783319477077
776 0 8 _iPrinted edition:
_z9783319477084
776 0 8 _iPrinted edition:
_z9783319838038
856 4 0 _uhttps://doi.org/10.1007/978-3-319-47709-1
912 _aZDB-2-SME
999 _c448793
_d448793
942 _cEB
506 _aAvailable to subscribing member institutions only. Доступно лише організаціям членам підписки.
506 _fOnline access from local network of NaUOA.
506 _fOnline access with authorization at https://link.springer.com/
506 _fОнлайн-доступ з локальної мережі НаУОА.
506 _fОнлайн доступ з авторизацією на https://link.springer.com/